000 00612nam a2200169 4500
001 108434
003 ES-MaACL
005 20230906184637.0
007 t|
008 061121s1943 sp r ||||1| spa d
100 1 _aMontero Gutiérrez, Eloy.
_982525
245 1 0 _aInstituciones de derecho canónico
_b: derecho canónico, constitucional, administrativo y penal: libros II, III y V del código /
_cEloy Montero Gutiérrez.
250 _a2.ª ed. correg. y aum.
260 _aMadrid :
_b[s.n.,
_c1943] (
_fImp. de José Luis Cosano)
300 _aXII, 450 p. ;
_c22 cm.
852 _aES-MaACL
_jF-15711
_bR.20296
999 _c108434
_d108434